| 000 | 00806nam a2200241Ia 4500 | ||
|---|---|---|---|
| 003 | OSt | ||
| 005 | 20220927105157.0 | ||
| 006 | a|||||r|||| 00| 0 | ||
| 007 | ta | ||
| 008 | 220926b |||||||| |||| 00| 0 eng d | ||
| 024 | _a186747 | ||
| 037 | _cReference Collections | ||
| 040 |
_aRTL _cRTL _beng |
||
| 041 |
_2eng _aeng |
||
| 082 | _a"T4.42.d(X).N88r, M8/GD" | ||
| 110 |
_aRESEARCH INSTITUTE FOR ECONOMICS AND BUSINESS ADMINISTRATION _9370694 |
||
| 245 | 0 |
_aKobe economic & business review _b33rd annual report. |
|
| 260 |
_aJapan _bKobe university _c1988 |
||
| 300 |
_a122p. _ccm. |
||
| 700 |
_aRESEARCH INSTITUTE FOR ECONOMICS AND BUSINESS ADMINISTRATION _9370695 |
||
| 942 |
_h"T4.42.d(X).N88r, M8/GD" _cCC |
||
| 999 |
_c691025 _d691025 |
||